000 00762nam a22002537a 4500
001 9892
003 FISKH
005 20260312105320.0
008 260312b cb ||||| |||| 00| 0 eng d
020 _a9781617418402
040 _aFISKH
_beng
_cFISKH
_dFISKH
050 _aQA445.5
082 _a516.15
100 _aReasoner, Charles
_eAuthor
245 _aShapes! /
_cby Charles Reasoner
260 _aGuangdong :
_bRourke Publishing ,
_c2011
300 _a8 unnumbered pages :
_bcolor illustrations ;
_c19 cm
505 _aNP
520 _aAbundant bright colors and playful illustrations, photographs, and text combine to teach young children about shapes.
521 8 _aNP
650 _aBoard book
_vShapes
942 _2ddc
_cBK
_n0
999 _c9892
_d9892